Loading...
| Fine Arts - Classical Music | 3 | 2 | 2 | 0 | 55 | 21 | 65.80 | 0 | 5 | 0.00 | 0.00 |
| Science - Biology | 0 | 5 | 0 | 1 | 50 | 75 | 114.40 | 1 | 3 | 0.00 | 0.00 |
| Social Science | 2 | 1 | 0 | 1 | 40 | 21 | 72.67 | 2 | 2 | 0.00 | 0.00 |
| History - World | 0 | 3 | 1 | 2 | 25 | 98 | 127.67 | 0 | 0 | 0.00 | 0.00 |
| Science - Physics | 0 | 2 | 0 | 2 | 20 | 123 | 127.50 | 0 | 0 | 0.00 | 0.00 |
| Fine Arts - Other | 0 | 2 | 0 | 0 | 20 | 105 | 108.00 | 0 | 0 | 0.00 | 0.00 |
| Geography | 1 | 0 | 0 | 0 | 15 | 54 | 54.00 | 0 | 1 | 0.00 | 0.00 |
| Fine Arts - Painting and Sculpture | 0 | 1 | 0 | 1 | 10 | 145 | 145.00 | 0 | 0 | 0.00 | 0.00 |
| Science - Chemistry | 0 | 1 | 0 | 0 | 10 | 152 | 152.00 | 0 | 0 | 0.00 | 0.00 |
| Religion | 0 | 1 | 0 | 0 | 10 | 110 | 110.00 | 0 | 1 | 0.00 | 0.00 |
| Other Academic | 0 | 1 | 0 | 0 | 10 | 135 | 135.00 | 0 | 0 | 0.00 | 0.00 |
| Science - Other | 0 | 1 | 3 | 0 | -5 | 132 | 132.00 | 0 | 1 | 0.00 | 0.00 |